000 00435nam a2200181Ia 4500
001 10884
005 20260306161905.0
008 260306t2013||||xx |||||||||||||| ||spa||
041 _aESP
082 _a980
_bO664
100 _aO´Phelan Godoy, Scarlett
_eAUT
245 0 _aAbascal y la contra-independencia de América del Sur
260 _c2013
300 _a
_c
650 _aGEN
654 _aCHU
942 _cLIB
_dJUS
_fJUS
_2ddc
_n
999 _c10884
_d10884